[Event "PK LeisB 2024 groep A"]
[Site "Leiden, Netherlands"]
[Date "2024.07.08"]
[Round "7"]
[White "Teianu, Sabin"]
[Black "Passenier, Peter"]
[Result "0-1"]
[WhiteElo "1961"]
[BlackElo "2166"]
[PlyCount "70"]
[EventDate "2024.??.??"]

1. d4 Nf6 2. c4 c5 3. d5 e5 4. Nc3 d6 5. e4 Be7 6. Be2 O-O 7. Be3 Nbd7 8. h3
Ne8 9. g4 Bg5 10. Qd2 Bxe3 11. Qxe3 Kh8 12. Nf3 a6 13. a4 b6 14. O-O Qe7 15. a5
Rb8 16. Rfb1 bxa5 17. Rxa5 g6 18. Nd2 f5 19. exf5 gxf5 20. gxf5 Ng7 21. Bd3
Nxf5 22. Bxf5 Rxf5 23. Nce4 Rb4 24. Ng3 Rf4 25. Re1 Qh4 26. b3 Nf8 27. Ra4 Rxa4
28. bxa4 Qxh3 29. Nde4 Ng6 30. Nxd6 Bg4 31. Nf1 Bf3 32. Nf7+ Rxf7 33. Qxf3 Qxf3
34. d6 Qxf2+ 35. Kh1 Qxe1 0-1

[Event "PK LeisB 2024 groep A"]
[Site "Leiden, Netherlands"]
[Date "2024.07.08"]
[Round "7"]
[White "Margaryan, Artur"]
[Black "Van der Marel, Lambertus"]
[Result "0-1"]
[WhiteElo "2082"]
[BlackElo "2025"]
[PlyCount "126"]
[EventDate "2024.??.??"]

1. d4 Nf6 2. c4 e6 3. Nc3 Bb4 4. Qc2 c5 5. dxc5 O-O 6. a3 Bxc5 7. Nf3 d5 8. Bg5
d4 9. Rd1 Nc6 10. e3 e5 11. Nd5 Be7 12. Nxe7+ Qxe7 13. Be2 d3 14. Qxd3 e4 15.
Qc3 exf3 16. gxf3 Qe5 17. Qxe5 Nxe5 18. Rg1 Ng6 19. h4 Kh8 20. Bxf6 gxf6 21. h5
Ne7 22. Bd3 Be6 23. Rc1 Rac8 24. Ke2 Rc7 25. c5 Rfc8 26. b4 b6 27. Ba6 Rd8 28.
cxb6 Rxc1 29. Rxc1 axb6 30. e4 Kg7 31. a4 Rd4 32. Rc7 Kf8 33. b5 Rxa4 34. Rb7
f5 35. Ke3 fxe4 36. fxe4 f5 37. f3 fxe4 38. fxe4 Kf7 39. Rxb6 h6 40. Rb8 Kf6
41. Bb7 Rb4 42. Ba8 Nc8 43. Kf4 Bd7 44. Rb7 Ke6 45. Rc7 Kd6 46. Rc1 Rxb5 47.
Rd1+ Ke7 48. Bd5 Nb6 49. Ke5 Be6 50. Rd4 Nd7+ 51. Kf4 Bxd5 52. exd5 Kf6 53. Rd1
Rb4+ 54. Kg3 Kg5 55. Re1 Rb3+ 56. Kg2 Rd3 57. Re7 Rxd5 58. Rg7+ Kxh5 59. Kh3
Ne5 60. Rg8 Ng6 61. Rg7 Rg5 62. Kh2 Nf4 63. Rf7 Kg4 0-1

[Event "PK LeisB 2024 groep A"]
[Site "Leiden, Netherlands"]
[Date "2024.07.08"]
[Round "7"]
[White "Mohtaat, Homayoun"]
[Black "Feiner, Reinier"]
[Result "1-0"]
[WhiteElo "1916"]
[BlackElo "1934"]
[Annotator "van,Jan"]
[PlyCount "83"]
[EventDate "2024.??.??"]

1. d4 Nf6 2. Bf4 d6 3. e3 c6 4. Bd3 Nbd7 5. Nf3 Nh5 6. O-O Nxf4 7. exf4 Qb6 8.
Nbd2 Nf6 9. Nc4 Qc7 10. f5 g6 11. fxg6 hxg6 12. Re1 Bd7 13. a4 O-O-O 14. Ng5
Be8 15. a5 Kb8 16. Ne3 Rh5 17. Nf3 e5 18. Be2 Rh8 19. c4 c5 20. d5 Bh6 21. Nc2
Nh5 22. b4 f5 23. bxc5 dxc5 24. Nd2 Bg7 25. Ra3 g5 26. Ne3 Bg6 27. Nxf5 Bxf5
28. Bxh5 g4 29. Bxg4 Bg6 30. Ne4 Rdf8 31. d6 Qf7 32. Rf3 Qxc4 33. d7 Rd8 34.
Qd6+ Ka8 35. Qxg6 Qb4 36. Kf1 Bh6 37. a6 Rdg8 38. Qf5 Bf4 39. axb7+ Qxb7 40.
Nxc5 Qc6 41. Rxf4 exf4 42. h3 {notatie onduidelijk} 1-0

[Event "PK LeisB 2024 groep A"]
[Site "Leiden, Netherlands"]
[Date "2024.07.08"]
[Round "7"]
[White "Schenkelaars, Robin"]
[Black "Van de Poel, Jona"]
[Result "0-1"]
[WhiteElo "1934"]
[BlackElo "1941"]
[Annotator "van,Jan"]
[PlyCount "32"]
[EventDate "2024.??.??"]

1. e4 c5 2. d4 cxd4 3. c3 Nf6 4. e5 Nd5 5. Nf3 d6 6. Qxd4 dxe5 7. Bb5+ Nc6 8.
Nxe5 Qd6 9. Nd2 Bd7 10. Bxc6 Bxc6 11. Ne4 Qc7 12. O-O h6 13. Rd1 e6 14. Nc4 Bb5
15. Ne3 Nxe3 16. Bxe3 Bc6 {notatie onduidelijk} 0-1

[Event "PK LeisB 2024 groep A"]
[Site "Leiden, Netherlands"]
[Date "2024.07.08"]
[Round "7"]
[White "De Bruin, Bert"]
[Black "Van der Knaap, Jan"]
[Result "1-0"]
[WhiteElo "1955"]
[BlackElo "1903"]
[PlyCount "113"]
[EventDate "2024.??.??"]

1. d4 d6 2. c4 e5 3. e3 Nd7 4. Nc3 g6 5. Nf3 Bg7 6. Be2 Ngf6 7. O-O a5 8. Qc2
O-O 9. Rd1 Re8 10. e4 c6 11. a3 Qc7 12. Be3 Ng4 13. Bg5 exd4 14. Nxd4 Nc5 15.
h3 h6 16. Bh4 Nf6 17. f3 Nh5 18. Bf2 a4 19. Bf1 Nf4 20. Nde2 Nxe2+ 21. Bxe2 Qe7
22. Rab1 h5 23. Qd2 Be5 24. Re1 Be6 25. Bxc5 dxc5 26. Qc2 Qh4 27. Bd3 Qg3 28.
Ne2 Qh2+ 29. Kf1 Bxh3 30. gxh3 Qxh3+ 31. Kf2 Qh4+ 32. Ke3 Bd4+ 33. Kd2 Rad8 34.
Rbd1 Bf6 35. Kc1 Bg5+ 36. Kb1 Qf2 37. Rf1 Qe3 38. f4 Bh6 39. e5 Re6 40. f5 Rxe5
41. fxg6 fxg6 42. Nc3 Re6 43. Bxg6 Rxd1+ 44. Rxd1 Qg5 45. Bh7+ Kh8 46. Nxa4 Qe7
47. Bd3 h4 48. Qg2 Rd6 49. Nxc5 Rf6 50. Ne4 Rf4 51. Qg6 Qg7 52. Qxg7+ Bxg7 53.
Rh1 Bf8 54. Kc2 Be7 55. Kd2 Kg7 56. Ke3 Rf8 57. c5 1-0

[Event "PK LeisB 2024 groep A"]
[Site "Leiden, Netherlands"]
[Date "2024.07.08"]
[Round "7"]
[White "Zeven, Frank"]
[Black "Hilarius, Sander"]
[Result "1/2-1/2"]
[WhiteElo "1962"]
[BlackElo "1949"]
[PlyCount "51"]
[EventDate "2024.??.??"]

1. b4 e5 2. Bb2 Bxb4 3. Bxe5 Nf6 4. c3 Be7 5. e3 c5 6. g3 Nc6 7. Bxf6 Bxf6 8.
Bg2 d5 9. d4 O-O 10. Ne2 c4 11. Nf4 Be6 12. Qf3 Re8 13. O-O Ne7 14. e4 Qd7 15.
Nxd5 Nxd5 16. exd5 Bg4 17. Qf4 h6 18. h4 Bh3 19. Bxh3 Qxh3 20. Nd2 Qd7 21. Ne4
Qxd5 22. Nxf6+ gxf6 23. Rfe1 Kg7 24. Re3 Re6 25. Rae1 Rae8 26. Qg4+ 1/2-1/2

[Event "PK LeisB 2024 groep A"]
[Site "Leiden, Netherlands"]
[Date "2024.07.08"]
[Round "7"]
[White "Vijver, Jonathan"]
[Black "Van de Plassche, Erik"]
[Result "1/2-1/2"]
[WhiteElo "1876"]
[BlackElo "2068"]
[PlyCount "89"]
[EventDate "2024.??.??"]

1. e4 c6 2. Nf3 d5 3. Nc3 dxe4 4. Nxe4 Nf6 5. Qe2 e6 6. d4 Be7 7. c3 O-O 8. Ng3
b6 9. Qc2 Bb7 10. Bd3 Nbd7 11. Be3 Rc8 12. O-O-O b5 13. Ne2 Qa5 14. Rdg1 c5 15.
Ng5 h6 16. h4 cxd4 17. Nxd4 b4 18. Kb1 bxc3 19. b3 Nc5 20. Bh7+ Kh8 21. f3 Qb4
22. g4 a5 23. Nxf7+ Rxf7 24. Bg6 Nd5 25. Bf2 Rf4 26. Be4 Qa3 27. Bxd5 Bxd5 28.
Qxc3 Rb8 29. Nc2 Qa4 30. Bxc5 Bxb3 31. Bxe7 Bxc2+ 32. Ka1 Qd4 33. Qxd4 Rxd4 34.
Rc1 Ba4 35. Rhe1 Rd2 36. Rc4 Bd7 37. Rb1 Rxb1+ 38. Kxb1 Kg8 39. Rf4 e5 40. Rf8+
Kh7 41. g5 hxg5 42. hxg5 a4 43. f4 exf4 44. Rxf4 Kg6 45. a3 1/2-1/2

[Event "PK LeisB 2024 groep A"]
[Site "Leiden, Netherlands"]
[Date "2024.07.08"]
[Round "7"]
[White "Van 't Hof, Eric"]
[Black "Valstar, Jasper"]
[Result "1-0"]
[WhiteElo "2038"]
[BlackElo "1883"]
[PlyCount "39"]
[EventDate "2024.??.??"]

1. d4 Nf6 2. c4 g6 3. Nc3 d5 4. cxd5 Nxd5 5. e4 Nxc3 6. bxc3 c5 7. Be3 Bg7 8.
Rc1 Qa5 9. Qd2 O-O 10. Nf3 Nc6 11. d5 Rd8 12. Be2 Bg4 13. O-O Bxf3 14. gxf3 f5
15. Qc2 Ne5 16. c4 Rf8 17. f4 Nd7 18. e5 g5 19. e6 gxf4 20. Bd2 1-0

[Event "PK LeisB 2024 groep A"]
[Site "Leiden, Netherlands"]
[Date "2024.07.08"]
[Round "7"]
[White "De Leede, Tjeerd"]
[Black "Van Briemen, Willem"]
[Result "1/2-1/2"]
[WhiteElo "1893"]
[BlackElo "1982"]
[PlyCount "49"]
[EventDate "2024.??.??"]

1. e4 e5 2. f4 exf4 3. Nf3 d6 4. d4 g5 5. g3 g4 6. Nh4 Bh6 7. Nc3 fxg3 8. hxg3
Bxc1 9. Qxc1 Nc6 10. Qe3 Qf6 11. O-O-O Qh6 12. Qxh6 Nxh6 13. Nd5 Kd8 14. Ng2
Ng8 15. Be2 Nce7 16. Nge3 Nxd5 17. Nxd5 c6 18. Nc3 f5 19. exf5 Bxf5 20. Rdf1
Ne7 21. Rf4 Kd7 22. Bxg4 Bxg4 23. Rxg4 Rag8 24. Rxg8 Rxg8 25. Rxh7 1/2-1/2

[Event "PK LeisB 2024 groep A"]
[Site "Leiden, Netherlands"]
[Date "2024.07.08"]
[Round "7"]
[White "Timmermans, Raymond"]
[Black "Van der Bent, Gideon"]
[Result "1/2-1/2"]
[WhiteElo "1989"]
[BlackElo "1949"]
[PlyCount "116"]
[EventDate "2024.??.??"]

1. e4 c5 2. Nf3 e6 3. c3 d5 4. exd5 Qxd5 5. Na3 a6 6. Nc4 Qd8 7. d4 Nf6 8. Be2
Be7 9. O-O O-O 10. Bg5 Nd5 11. Bxe7 Qxe7 12. Nfe5 b5 13. Ne3 Bb7 14. Bf3 Rd8
15. Qe2 cxd4 16. Nxd5 Bxd5 17. cxd4 f6 18. Nd3 Nc6 19. Bxd5 Rxd5 20. Nf4 Nxd4
21. Qe4 Rdd8 22. Rfd1 f5 23. Qe5 Qf6 24. Qc5 Rac8 25. Qa7 e5 26. Nd3 f4 27. Qb7
Qf5 28. f3 Rc6 29. Nf2 Rcd6 30. Kh1 Qc2 31. Ne4 Rg6 32. Rd2 Qc4 33. Qe7 Rc8 34.
Nd6 Qc1+ 35. Rd1 Qxb2 36. Rg1 Rf8 37. Qxe5 Re6 38. Qc5 Ne2 39. Rge1 Rd8 40.
Rad1 Rdxd6 41. Rxd6 Ng3+ 42. hxg3 Rxe1+ 43. Kh2 fxg3+ 44. Kh3 Re8 45. Qd5+ Kh8
46. Qe6 Rg8 47. Rxa6 h6 48. Ra7 Qd4 49. Qe7 Rb8 50. Kxg3 b4 51. Rd7 Qc3 52. Ra7
Qd4 53. Qc7 Rf8 54. Qe7 Qf4+ 55. Kf2 Qd4+ 56. Kg3 Qf4+ 57. Kf2 Qd4+ 58. Kg3
Qf4+ 1/2-1/2

[Event "PK LeisB 2024 groep B"]
[Site "Leiden, Netherlands"]
[Date "2024.07.08"]
[Round "7"]
[White "Van Dijk, Bob"]
[Black "Wagemans, Ed"]
[Result "1-0"]
[WhiteElo "1798"]
[BlackElo "1861"]
[PlyCount "133"]
[EventDate "2024.??.??"]

1. d4 d5 2. c4 c6 3. Nf3 Nf6 4. g3 g6 5. Bg2 Bg7 6. O-O O-O 7. Nc3 e6 8. Qd3
Nbd7 9. Rd1 Re8 10. e4 dxe4 11. Nxe4 Nxe4 12. Qxe4 Qb6 13. c5 Qd8 14. Bg5 Nf6
15. Qh4 h6 16. Bxh6 Nh7 17. Qxd8 Rxd8 18. Bxg7 Kxg7 19. Ne5 Nf6 20. Nc4 Bd7 21.
Nd6 Rab8 22. a4 Ne8 23. Nc4 Nc7 24. Nd6 Ne8 25. Nxe8+ Rxe8 26. b4 a6 27. Rab1
Red8 28. f4 Be8 29. Bf1 Ra8 30. Kf2 Kf6 31. Ke3 Ke7 32. Be2 Bd7 33. h4 Rdb8 34.
g4 Rh8 35. Rh1 Rag8 36. b5 axb5 37. axb5 Ra8 38. b6 Ra3+ 39. Kf2 Ra4 40. Rbd1
Ra2 41. Ke3 Rha8 42. h5 gxh5 43. gxh5 e5 44. fxe5 Rxe2+ 45. Kxe2 Bg4+ 46. Ke3
Bxd1 47. Rxd1 Ra3+ 48. Kf4 Rh3 49. Kg4 Rh2 50. Rd3 Ke6 51. Rh3 Rg2+ 52. Kf4 Rg7
53. h6 Rh7 54. Kg5 Kd5 55. Rh4 Ke6 56. Rg4 Rh8 57. Rf4 Rh7 58. Rf6+ Kd5 59. e6
fxe6 60. Kg6 Rxh6+ 61. Kxh6 Kxd4 62. Rf7 Kxc5 63. Rxb7 Kb5 64. Kg5 c5 65. Kf4
Kc6 66. Rb8 c4 67. b7 1-0

[Event "PK LeisB 2024 groep B"]
[Site "Leiden, Netherlands"]
[Date "2024.07.08"]
[Round "7"]
[White "Teianu, Maxim"]
[Black "Vergeer, Michiel"]
[Result "1-0"]
[WhiteElo "1835"]
[BlackElo "1779"]
[PlyCount "105"]
[EventDate "2024.??.??"]

1. d4 Nf6 2. c4 e6 3. Nf3 d5 4. Nc3 Nbd7 5. Bf4 c6 6. e3 Be7 7. Be2 O-O 8. O-O
b6 9. b3 Bb7 10. Bd3 Re8 11. Qc2 h6 12. Rad1 Rc8 13. e4 dxe4 14. Nxe4 Nxe4 15.
Bxe4 Nf6 16. Bd3 Bd6 17. Bxd6 Qxd6 18. c5 Qe7 19. b4 Red8 20. Bc4 Nd5 21. a3
Qf6 22. Ne5 Ne7 23. Qe4 Qf5 24. Rfe1 Qxe4 25. Rxe4 Nd5 26. Bxd5 Rxd5 27. Nc4
bxc5 28. Na5 Rc7 29. bxc5 Ba6 30. f3 Rd8 31. Re3 Rb8 32. Rb3 Rxb3 33. Nxb3 Bc4
34. Na5 Bd5 35. Rb1 Kf8 36. Rb8+ Ke7 37. Nb7 Kf6 38. Nd6 Kg6 39. Re8 f6 40. Kf2
Rd7 41. g4 h5 42. Kg3 hxg4 43. Kxg4 f5+ 44. Kf4 Kf6 45. Rg8 Kg6 46. Rf8 Re7 47.
Ra8 Kf6 48. h4 Kg6 49. Rh8 Kf6 50. Ne8+ Kf7 51. Nd6+ Kg6 52. h5+ Kf6 53. Rf8+
1-0

[Event "PK LeisB 2024 groep B"]
[Site "Leiden, Netherlands"]
[Date "2024.07.08"]
[Round "7"]
[White "Bregman, Koen"]
[Black "Van Amsterdam, Jan"]
[Result "0-1"]
[WhiteElo "1796"]
[BlackElo "1808"]
[PlyCount "112"]
[EventDate "2024.??.??"]

1. e4 e6 2. d4 d5 3. Nc3 Nf6 4. Bg5 Bb4 5. e5 h6 6. Bd2 Bxc3 7. bxc3 Ne4 8. Bd3
Nxd2 9. Qxd2 c5 10. Bb5+ Bd7 11. Bxd7+ Nxd7 12. Ne2 Rc8 13. O-O Qa5 14. Rfd1
O-O 15. f4 cxd4 16. cxd4 Qxd2 17. Rxd2 Rc7 18. c3 Rfc8 19. Rc1 Nb6 20. Kf2 Na4
21. Rdc2 b5 22. Ke1 Nb6 23. Kd2 a5 24. g4 a4 25. f5 a3 26. Nf4 Rc6 27. Nd3 Nc4+
28. Ke2 Kh7 29. Nc5 Nxe5 30. Nxe6 fxe6 31. dxe5 Rc4 32. Kf3 b4 33. Rb1 bxc3 34.
fxe6 Re4 35. Rb3 Rf8+ 36. Kg3 d4 37. Rxa3 Rxe5 38. Ra6 Rc8 39. Rd6 Re3+ 40. Kf2
Rf8+ 41. Kg2 Rd3 42. Re2 Re8 43. e7 Kg8 44. Rd8 Kf7 45. Rf2+ Kxe7 46. Rd5 Rb8
47. Re2+ Kf8 48. Rf5+ Kg8 49. Rc5 Rd1 50. Re7 Rb2+ 51. Kh3 Rh1 52. Rcc7 Rhxh2+
53. Kg3 Rhg2+ 54. Kh3 Rge2 55. Rxg7+ Kf8 56. Rh7 Re3+ 0-1

[Event "PK LeisB 2024 groep B"]
[Site "Leiden, Netherlands"]
[Date "2024.07.08"]
[Round "7"]
[White "Sieber, Gunnar"]
[Black "Van den Berg, Dick"]
[Result "1-0"]
[WhiteElo "1892"]
[BlackElo "1805"]
[PlyCount "51"]
[EventDate "2024.??.??"]

1. e4 e6 2. d4 d5 3. Bd3 c5 4. c3 Nc6 5. Nf3 cxd4 6. cxd4 dxe4 7. Bxe4 Nf6 8.
Nc3 Bb4 9. Bxc6+ bxc6 10. O-O O-O 11. Bg5 Be7 12. Qe2 Qb6 13. Rfd1 Ba6 14. Qc2
Rfd8 15. a3 Bc4 16. b4 Bd5 17. Ne5 a5 18. Nxd5 cxd5 19. Nc6 Qc7 20. Nxe7+ Qxe7
21. Qc5 Qxc5 22. bxc5 Ne4 23. Be3 Nc3 24. Rd3 Nb5 25. Rb1 Rab8 26. Rdb3 1-0

[Event "PK LeisB 2024 groep B"]
[Site "Leiden, Netherlands"]
[Date "2024.07.08"]
[Round "7"]
[White "Margaryan, Aren"]
[Black "Van Efferen, Yannick"]
[Result "0-1"]
[WhiteElo "1713"]
[BlackElo "1915"]
[PlyCount "42"]
[EventDate "2024.??.??"]

1. e4 d6 2. d4 g6 3. Nf3 Bg7 4. Bd3 Nf6 5. O-O O-O 6. c3 Nc6 7. Re1 e5 8. h3
Nd7 9. Be3 f5 10. Qb3+ Kh8 11. Ng5 f4 12. Ne6 Qh4 13. Nxf8 Nxf8 14. Bd2 exd4
15. cxd4 Nxd4 16. Qf7 g5 17. Bc3 Be6 18. Qxc7 Bxh3 19. Qxd6 Bxg2 20. Kxg2 Qg4+
21. Kh2 Nf3+ 0-1

[Event "PK LeisB 2024 groep B"]
[Site "Leiden, Netherlands"]
[Date "2024.07.08"]
[Round "7"]
[White "Schenkelaars, Vincent"]
[Black "Los, Evan"]
[Result "0-1"]
[WhiteElo "1865"]
[BlackElo "1833"]
[PlyCount "53"]
[EventDate "2024.??.??"]

1. d4 Nf6 2. Nf3 d5 3. c4 c6 4. Nc3 Bf5 5. Qb3 b6 6. Bg5 e6 7. e3 Be7 8. Be2
Nbd7 9. O-O O-O 10. cxd5 cxd5 11. Rac1 Bd6 12. Nh4 Bg6 13. Nxg6 hxg6 14. Ba6
Bxh2+ 15. Kh1 Bd6 16. Nb5 Be7 17. Bf4 e5 18. dxe5 Ne4 19. Qxd5 Ndc5 20. Bb7 Rb8
21. Qxd8 Rfxd8 22. Bxe4 Nxe4 23. Nxa7 Rd2 24. Nc6 Rb7 25. Nxe7+ Rxe7 26. Rc4
Rxf2 27. Rb1 0-1

[Event "PK LeisB 2024 groep B"]
[Site "Leiden, Netherlands"]
[Date "2024.07.08"]
[Round "7"]
[White "Molenkamp, Jan Bertus"]
[Black "Scherpenisse, Kees"]
[Result "1/2-1/2"]
[WhiteElo "1860"]
[BlackElo "1907"]
[PlyCount "94"]
[EventDate "2024.??.??"]

1. e4 c5 2. c3 Nf6 3. Bd3 Nc6 4. Bc2 d5 5. exd5 Qxd5 6. Qf3 Bg4 7. Qxd5 Nxd5 8.
f3 Bh5 9. Ne2 Bg6 10. Na3 Bxc2 11. Nxc2 e6 12. d4 Be7 13. Bd2 O-O 14. O-O-O
Rac8 15. Kb1 Rfd8 16. h4 b6 17. h5 cxd4 18. Nexd4 Nxd4 19. Nxd4 Bf6 20. Bc1 a6
21. g4 Rc4 22. Ne2 b5 23. g5 Be7 24. Rd4 Rdc8 25. g6 Bf6 26. gxf7+ Kxf7 27. Re4
R8c6 28. Bd2 Ne7 29. Rxc4 Rxc4 30. Ng3 Nf5 31. Ne4 Ke7 32. b3 Rc6 33. Rh3 Nd6
34. Nxf6 Kxf6 35. Rh4 Nf5 36. Rf4 Rd6 37. Kc2 g5 38. hxg6 hxg6 39. c4 e5 40.
Bc3 bxc4 41. bxc4 g5 42. Re4 Re6 43. f4 gxf4 44. Rxf4 Kg5 45. Re4 Nd6 46. Rxe5+
Rxe5 47. Bxe5 Nxc4 1/2-1/2

[Event "PK LeisB 2024 groep B"]
[Site "Leiden, Netherlands"]
[Date "2024.07.08"]
[Round "7"]
[White "Groenendijk, Simon"]
[Black "Branco, Moritz"]
[Result "1-0"]
[WhiteElo "1693"]
[BlackElo "1701"]
[PlyCount "55"]
[EventDate "2024.??.??"]

1. e4 e5 2. Nf3 Nc6 3. Bb5 a6 4. Ba4 Nf6 5. O-O Be7 6. Re1 b5 7. Bb3 O-O 8. c3
d5 9. exd5 Nxd5 10. Nxe5 Nxe5 11. Rxe5 c6 12. d4 Bd6 13. Re1 Qh4 14. g3 Qh3 15.
Bxd5 cxd5 16. Qf3 Be6 17. Be3 Rae8 18. Nd2 f5 19. Bf4 Bxf4 20. Qxf4 Rf6 21. Re5
Rh6 22. Nf3 Rf8 23. Rae1 Rff6 24. Rxe6 g5 25. Qxg5+ Rhg6 26. Re8+ Kg7 27. R1e7+
Rf7 28. Rxf7+ 1-0

[Event "PK LeisB 2024 groep B"]
[Site "Leiden, Netherlands"]
[Date "2024.07.08"]
[Round "7"]
[White "Pasteels, Luc"]
[Black "Koelmans, Jan Willem"]
[Result "1/2-1/2"]
[WhiteElo "1651"]
[BlackElo "1897"]
[PlyCount "85"]
[EventDate "2024.??.??"]

1. e4 c5 2. c3 g6 3. d4 cxd4 4. cxd4 d5 5. e5 Bg7 6. Nc3 Nc6 7. Nf3 Nh6 8. Bb5
O-O 9. O-O Bg4 10. Bxc6 bxc6 11. h3 Bxf3 12. Qxf3 Nf5 13. Be3 e6 14. Na4 f6 15.
Nc5 Qe7 16. exf6 Bxf6 17. Qd1 Rab8 18. Qd2 Rb6 19. Rae1 Re8 20. Nxe6 Qxe6 21.
Bg5 Qxe1 22. Rxe1 Rxe1+ 23. Qxe1 Bxg5 24. Qe5 Kf7 25. g4 Bf6 26. Qc7+ Ne7 27.
Qf4 g5 28. Qd2 Ng6 29. Qa5 Bxd4 30. Qxa7+ Ne7 31. b3 Rb4 32. Qa6 Bf6 33. Qd3
Re4 34. Kg2 Ng6 35. Qa6 Nf4+ 36. Kf3 Rd4 37. Qb7+ Kf8 38. Qc8+ Kg7 39. Qd7+ Kg8
40. Qe8+ Kg7 41. Qd7+ Kg8 42. Qe8+ Kg7 43. Qd7+ 1/2-1/2

[Event "PK LeisB 2024 groep B"]
[Site "Leiden, Netherlands"]
[Date "2024.07.08"]
[Round "7"]
[White "Laudy, Paul"]
[Black "Muilwijk, Marco"]
[Result "0-1"]
[WhiteElo "1645"]
[BlackElo "1878"]
[PlyCount "80"]
[EventDate "2024.??.??"]

1. e4 e6 2. d4 d5 3. e5 c5 4. c3 Nc6 5. Nf3 Nh6 6. Bd3 Nf5 7. O-O cxd4 8. Re1
h6 9. a3 Be7 10. Qc2 dxc3 11. Nxc3 Nh4 12. Nxh4 Bxh4 13. Nb5 Be7 14. Qa4 O-O
15. Qg4 f5 16. Qg6 Bg5 17. Be3 Nxe5 18. Bxg5 Nxg6 19. Bxd8 Rxd8 20. Nc7 Rb8 21.
Nxe6 Bxe6 22. Rxe6 Nf4 23. Re3 Nxd3 24. Rxd3 Rd7 25. Re3 Kf7 26. Rc1 d4 27. Rf3
g6 28. g4 Kf6 29. Rc5 d3 30. Rc1 d2 31. Rd1 Rc8 32. Rc3 Rxc3 33. bxc3 fxg4 34.
Kf1 Kf5 35. Ke2 Kf4 36. a4 a5 37. c4 Re7+ 38. Kd3 Kf3 39. Rb1 Rd7+ 40. Kc2 Ke2
0-1

[Event "PK LeisB 2024 groep B"]
[Site "Leiden, Netherlands"]
[Date "2024.07.08"]
[Round "7"]
[White "Van Vleuten, Ronald"]
[Black "Groenendijk, Patrick"]
[Result "1/2-1/2"]
[WhiteElo "1797"]
[BlackElo "1819"]
[PlyCount "110"]
[EventDate "2024.??.??"]

1. Nf3 d5 2. d4 Nf6 3. e3 e6 4. Bd3 b6 5. O-O Bb7 6. b3 Be7 7. Bb2 O-O 8. Nbd2
Nbd7 9. Ne5 c5 10. f4 cxd4 11. exd4 Ne4 12. f5 Nxe5 13. Bxe4 dxe4 14. dxe5 Bc5+
15. Kh1 Qg5 16. fxe6 Rad8 17. exf7+ Rxf7 18. Rxf7 Kxf7 19. Qf1+ Ke6 20. Qc4+
Bd5 21. Nxe4 Qg6 22. Nxc5+ bxc5 23. Qa6+ Kf7 24. Rf1+ Kg8 25. Qxg6 hxg6 26. Bc3
Rf8 27. Kg1 Rxf1+ 28. Kxf1 Kf7 29. g3 Be4 30. Ke2 Bxc2 31. Ke3 Ke6 32. Kf4 Bb1
33. a3 Bc2 34. b4 cxb4 35. Bxb4 a6 36. Bf8 Kf7 37. Bb4 Ke6 38. Bc3 Bb1 39. Bb4
Bc2 40. g4 Bb1 41. Kg5 Kxe5 42. Bf8 Kd5 43. Bxg7 a5 44. Bc3 a4 45. Kf6 Kc6 46.
h4 Bc2 47. h5 gxh5 48. gxh5 Bb1 49. h6 Kb7 50. Ke5 Bc2 51. Kd5 Ka6 52. Kc5 Kb7
53. Kb4 Ka6 54. Bf6 Kb7 55. Kc3 Bb1 1/2-1/2

[Event "PK LeisB 2024 groep B"]
[Site "Leiden, Netherlands"]
[Date "2024.07.08"]
[Round "7"]
[White "Vlieland, Theo"]
[Black "Moeri, Erick"]
[Result "0-1"]
[WhiteElo "1734"]
[BlackElo "1719"]
[PlyCount "44"]
[EventDate "2024.??.??"]

1. e4 e5 2. Nf3 Nc6 3. Bb5 Bc5 4. O-O d6 5. d4 exd4 6. Nxd4 Bd7 7. Nxc6 bxc6 8.
Bc4 Ne7 9. Bg5 h6 10. Bh4 g5 11. Qh5 Ng6 12. Bg3 Qf6 13. Nc3 Nf4 14. Qf3 Nh3+
15. Kh1 Qxf3 16. gxf3 h5 17. e5 h4 18. exd6 hxg3 19. Rfe1+ Kd8 20. dxc7+ Kxc7
21. Ne4 Nxf2+ 22. Kg1 Nxe4+ 0-1

[Event "PK LeisB 2024 groep B"]
[Site "Leiden, Netherlands"]
[Date "2024.07.08"]
[Round "7"]
[White "Varela, César"]
[Black "Berends, Thomas"]
[Result "1-0"]
[WhiteElo "1754"]
[BlackElo "1690"]
[PlyCount "89"]
[EventDate "2024.??.??"]

1. e4 e5 2. Nf3 Nc6 3. d4 exd4 4. Nxd4 d6 5. Bb5 Bd7 6. O-O Nxd4 7. Bxd7+ Qxd7
8. Qxd4 Nf6 9. e5 dxe5 10. Qxe5+ Be7 11. Re1 O-O-O 12. Nc3 Rhe8 13. Qb5 Qxb5
14. Nxb5 a6 15. Nc3 Bb4 16. Rxe8 Rxe8 17. Bd2 Ne4 18. Nxe4 Rxe4 19. Bxb4 Rxb4
20. b3 Rd4 21. Kf1 c5 22. Ke2 Kc7 23. Rd1 Rxd1 24. Kxd1 Kd6 25. Kd2 Kd5 26. Kd3
b5 27. c4+ Ke5 28. cxb5 axb5 29. a4 bxa4 30. bxa4 Kd5 31. f4 c4+ 32. Kc3 Kc5
33. g4 g6 34. h4 f6 35. a5 Kb5 36. a6 Kxa6 37. Kxc4 Kb6 38. Kd5 h6 39. g5 fxg5
40. fxg5 hxg5 41. hxg5 Kc7 42. Ke6 Kd8 43. Kf7 Kd7 44. Kxg6 Ke8 45. Kh7 1-0

[Event "PK LeisB 2024 groep B"]
[Site "Leiden, Netherlands"]
[Date "2024.07.08"]
[Round "7"]
[White "Been, Klaas"]
[Black "Beentjes, Douwe"]
[Result "0-1"]
[WhiteElo "1691"]
[BlackElo "1721"]
[PlyCount "100"]
[EventDate "2024.??.??"]

1. d4 Nf6 2. Nf3 e6 3. e3 c5 4. c3 d5 5. Bd3 Nc6 6. Nbd2 Bd6 7. O-O O-O 8. Re1
e5 9. dxe5 Nxe5 10. Qe2 Nxd3 11. Qxd3 Bg4 12. b3 Re8 13. Bb2 b6 14. c4 dxc4 15.
Qxc4 Bxf3 16. Nxf3 Ne4 17. Rad1 Qc7 18. Rd5 Rad8 19. h3 Qe7 20. Red1 Qe6 21.
Qc2 Bh2+ 22. Kxh2 Rxd5 23. Re1 Qd6+ 24. Kg1 Qg6 25. Qc4 Red8 26. Ne5 Qf5 27. f4
Nd2 28. Qe2 Ne4 29. g4 Qe6 30. Nf3 Rd2 31. Nxd2 Rxd2 32. Rd1 Qd5 33. Rxd2 Nxd2
34. Kf2 Ne4+ 35. Ke1 h6 36. Be5 f6 37. Bb2 Kh7 38. Qc2 g6 39. Qe2 Ng3 40. Qd1
Qh1+ 41. Kd2 Qg2+ 42. Kc1 Ne2+ 43. Kb1 Qe4+ 44. Ka1 Qxe3 45. Qd7+ Kg8 46. Qd8+
Kf7 47. Qxf6+ Ke8 48. Qxg6+ Kd7 49. Qf7+ Kc6 50. Be5 Qc1# 0-1